| 000 | 00466 a2200193 4500 | ||
|---|---|---|---|
| 001 | 115027 | ||
| 020 | _a9788580414400 | ||
| 041 | _apor | ||
| 090 | _aYear 9 [Fic] | ||
| 250 | _a. ed. | ||
| 490 | _aOs Bridgertons; v.6 | ||
| 697 | _aFicção americana. | ||
| 830 | _aOs Bridgertons; v.6 | ||
| 040 |
_aBR-BrIDEA _cBR-BrIDEA |
||
| 100 |
_aQuinn, Julia _d1970 |
||
| 245 | 1 | 0 |
_aO conde enfeitiçado _c Julia Quinn |
| 260 |
_a[S.l.] _bArqueiro _c2015 |
||
| 942 | _cBK | ||
| 999 |
_c115027 _d115027 |
||